000 00430nam a2200181Ia 4500
005 20240823012151.0
008 240823s9999||||xx |||||||||||||| ||und||
041 _aENGLISH
082 _A621.381 P3
100 _aGKP
245 0 _aElectronics and Telecommunication Engineering
250 _a1st
260 _c2003
_b"GK,New Delhi"
500 _aYES
650 _aElectronics
_bElectronics
942 _cBK
999 _c163624
_d163624